Instrumentation for ground-based optical astronomy (Record no. 9428)

MARC details
000 -LEADER
fixed length control field 00884nam a2200217Ia 4500
003 - CONTROL NUMBER IDENTIFIER
control field IN-BaIIA
008 - FIXED-LENGTH DATA ELEMENTS--GENERAL INFORMATION
fixed length control field 211028s9999 xx 000 0 eng d
020 ## - INTERNATIONAL STANDARD BOOK NUMBER
International Standard Book Number 0-387-96730-3
040 ## - CATALOGING SOURCE
Transcribing agency IIA Library
080 ## - UNIVERSAL DECIMAL CLASSIFICATION NUMBER
Universal Decimal Classification number 520.8(082.1)
Item number INS
100 ## - MAIN ENTRY--PERSONAL NAME
Personal name Robinson, L. B.
9 (RLIN) 15869
111 ## - MAIN ENTRY--MEETING NAME
Meeting name or jurisdiction name as entry element Santa Cruz Summer Workshop on Astronomy and Astrophysics
Number of part/section/meeting 9th
Location of meeting Lick Observatory, USA
Date of meeting or treaty signing 1987 July 13-24
9 (RLIN) 15870
245 #0 - TITLE STATEMENT
Title Instrumentation for ground-based optical astronomy
Remainder of title the ninth santa cruz summer workshop on in astronomy and astrophysics, held in Lick Observatory, USA, July 13-24,1987
Statement of responsibility, etc. L. B. Robinson
250 ## - EDITION STATEMENT
Edition statement 9th ed.
260 ## - PUBLICATION, DISTRIBUTION, ETC.
Place of publication, distribution, etc. Berlin
Name of publisher, distributor, etc. Springer-Verlag
Date of publication, distribution, etc. 1988
300 ## - PHYSICAL DESCRIPTION
Extent xxxiv, 751p.
650 ## - SUBJECT ADDED ENTRY--TOPICAL TERM
Topical term or geographic name entry element Astronomical instrumentation
9 (RLIN) 3629
650 ## - SUBJECT ADDED ENTRY--TOPICAL TERM
Topical term or geographic name entry element Astronomy and Astrophysics Thesaurus
650 ## - SUBJECT ADDED ENTRY--TOPICAL TERM
Topical term or geographic name entry element Instrumentation
9 (RLIN) 8032
942 ## - ADDED ENTRY ELEMENTS (KOHA)
Koha item type Books
Holdings
Withdrawn status Lost status Damaged status Not for loan Home library Current library Shelving location Date acquired Cost, normal purchase price Total Checkouts Full call number Barcode Date last seen Date last checked out Cost, replacement price Price effective from Koha item type Purchase Price
        IIA Library-Bangalore IIA Library-Bangalore General Stacks   882.00 1 520.8(082.1)/ INS 10338 15/06/2026 20/09/2023 882.00   Books Rs. 882

Powered by Koha